Fish as food vol-2 nutrition,sanitationand utilization / (Record no. 4794)
[ view plain ]
| 000 -LEADER | |
|---|---|
| fixed length control field | 00422cam a2200157ua 4500 |
| 041 ## - LANGUAGE CODE | |
| Language code of text/sound track or separate title | eng |
| 082 ## - DEWEY DECIMAL CLASSIFICATION NUMBER | |
| Classification number | 664.94 |
| Item number | BOR/FI |
| 100 ## - MAIN ENTRY--AUTHOR NAME | |
| Personal name | Borgstrom, Goorg . |
| 245 ## - TITLE STATEMENT | |
| Title | Fish as food vol-2 nutrition,sanitationand utilization / |
| 260 ## - PUBLICATION, DISTRIBUTION, ETC. (IMPRINT) | |
| Place of publication | New York : |
| Name of publisher | Academic Press , |
| Year of publication | 1962. |
| 300 ## - PHYSICAL DESCRIPTION | |
| Number of Pages | 777 ; . |
| 500 ## - GENERAL NOTE | |
| General note | **Reference |
| 942 ## - ADDED ENTRY ELEMENTS (KOHA) | |
| Koha item type | Books |
| Withdrawn status | Lost status | Damaged status | Home library | Current library | Shelving location | Date acquired | Full call number | Accession Number | Koha item type |
|---|---|---|---|---|---|---|---|---|---|
| KAUAET | KAUAET | Reference1 | 08/03/1990 | 664.94 | 16690 | Reference |
